Visualizzazione normale
Vista MARC
- Herzer Ludwig
di Personal Name
Records bibliografici associati: 1
001 - CONTROL NUMBER
- control field: 11265
003 - CONTROL NUMBER IDENTIFIER
- control field: IT-RoPau
005 - DATE AND TIME OF LATEST TRANSACTION
- control field: 20140128174655.0
008 - FIXED-LENGTH DATA ELEMENTS
- fixed length control field: 140128|| aca||aabn | a|a d
040 ## - CATALOGING SOURCE
- Original cataloging agency: IT-RoPau
- Transcribing agency: IT-RoPau
100 ## - HEADING--PERSONAL NAME
- Personal name: Herzer Ludwig
- Miscellaneous information: Codice autore /musica SPICS: 27509
- Relator term: Autore musica
- Name of part/section of a work: Spiel Auf Deiner Geige Das Lied Von Leid Und Lust
670 ## - SOURCE DATA FOUND
- Source citation: Work cat.: (IT-RoPau)100004: AA.VV. 794, James Last Spielt-Robert Stolz